000
00282nam a2200109Ia 4500
008
160531s9999 xx 000 0 und d
100
_a
Closson, Damien.
245
_a
Tectonics
245
_c
by Damien Closson
260
_c
2011
856
_u
http://www.intechopen.com/books/tectonics
999
_c
295090
_d
295090